000 00616nam a2200229Ia 4500
001 21878
005 20240114000616.0
007 ta
008 060310s1935 g b000 u u
040 _aCotton College,Assam
082 _a297.91
_bN 126 Si
100 _aNadawi, Syed Sulaiman .
245 0 _aSirat Al-Nabi (Charecter of the Prophet) /
_cSyed Sulaiman Nadawi.
_hTextual Documents
260 _aAligarh :
_bMaarif ,
_c1935.
300 _a400p. ;
_c23cm.
653 _aUrdu
653 _aG-Urdu
653 _aReligion-History
942 _2ddc
_cBK
999 _c21860
_d21860